000
00290nam a2200109Ia 4500
008
190912s9999||||xx |||||||||||||| ||und||
100
_a
Nick Efford
245
0
_a
Digital Image Processing a Practical introduction using Java
260
_a
England
_b
Addision
_c
2000
300
_a
340
942
_c
BK
999
_c
7506
_d
7506